Vplyv pandémie COVID-19 na inovačnú výkonnosť Slovenskej republiky bakalárska práca

Salvato in:
Dettagli Bibliografici
Autore principale: Kovalická, Kristína
Ente Autore: Podnikovohospodárska fakulta EU so sídlom v Košiciach. Katedra ekonómie
Altri autori: Šoltésová, Klaudia, 1995-
Natura: Libro
Lingua:slovacco
Pubblicazione: Košice 2022
Tags: Aggiungi Tag
Nessun Tag, puoi essere il primo ad aggiungerne!!

MARC

LEADER 00000nbm a2200000 4500
001 0287391
005 20240827093153.4
041 0 |a slo 
044 |a SK 
245 1 0 |a Vplyv pandémie COVID-19 na inovačnú výkonnosť Slovenskej republiky  |b bakalárska práca  |c Kristína Kovalická ; školiteľ: Klaudia Šoltésová 
264 1 |a Košice  |c 2022 
300 |a 57 s. 
100 1 |a Kovalická, Kristína 
700 1 |a Šoltésová, Klaudia, 1995- 
710 2 |a Podnikovohospodárska fakulta EU so sídlom v Košiciach. Katedra ekonómie